000 00837nam a2200253Ia 4500
003 OSt
005 20220923212629.0
006 a|||||r|||| 00| 0
007 ta
008 220922b |||||||| |||| 00| 0 hin d
024 _a154,715
037 _cTextual
040 _aARTS
_cARTS
_bhin
041 _2hin
_ahin
082 _aY:351.252, 152J7
100 _aसत्येन्द्र
245 0 _aब्रजलोक साहित्य का अध्ययन
246 _aBrajalok sāhitya kā adhyayana
260 _aआगरा
_b साहित्य रत्न भण्डार
_c1949
300 _a575 पृ.
_ccm.
650 _aभारतीय-लोक साहित्य
942 _hY:351.252, 152J7
_cTEXL
_2CC
999 _c310337
_d310337